1051 1088 1679 1533 1053 1904 1935 1818 1892 1705 1259 1751 1825 1438 1590 1466 1727 1585 1105 1806 1186 1326 1943 1108 1818 1797 1410 1683 1552 1684 1918 1783 1704 1050 1487 1968 1566 1795 1438 1343 1716 1331 1689 1361 1135 1382 1194 1697 1532 1708 1603 1692 1969 1678 1389 1661 1161 1231 1006 1090 1639 1194 1636 1732 1639 1186 1113 1411 1364 1488 1109 1859 1141 1121 1683 1289 1683 1155 1375 1487 1326 1255 1552 1521 1755 1670 1157 1136 1618 1446 1468 1623 1218 1470 1665 1607 1630 1430 1528 BCNSPRNW ULIB Ver.6.0+V

เปลี่ยนเป็นภาษาไทย

Change to English
 แสดงรายละเอียดบรรณานุกรม
  กลับหน้าหลัก

Brief Record : Get Marc (ISO 2709) : E-mail record : QR code < ปิดหน้าต่าง
LEADER : 00000nam 2200000uu 4500
001    13399110024
003     ULIB
008    110420s2551||||th 000 0 tha d
020    9789747878554
060 04 WG300^bศ322ว 2551
100 0  ศักดิ์ บวร
245 10 50 วิธีปฏิบัติตนเมื่อคุณเป็นโรคหัวใจ /^cศักดิ์ บวร
250    พิมพ์ครั้งที่ 2
260    กรุงเทพฯ :^bสมิต,^c2551
300    176 หน้า
650  7 โรคหัวใจ
945    ^p105^l0^i027192
945    ^p105^l0^i027191
995    ทศพร
999 ^a ใช้งานได้ทุกระบบ
รายการนี้ยังไม่มีแท็ก
คุณยังไม่ได้ล็อกอิน คุณสามารถมีกิจกรรมร่วมกับเว็บไซต์ได้ แต่ต้องล็อกอินก่อน ::
  ล็อกอิน

รายการสื่อสารสนเทศ

ลำดับที่ ประเภท เลขเรียก/บาร์โค้ด สถานที่ สถานะ
- ไม่พบข้อมูล -

รายการใกล้เคียง
    ผู้แต่ง [ศักดิ์ บวร]

    หัวเรื่อง [โรคหัวใจ]

BibComment


ยังไม่เคยถูกคอมเมนท์

คอมเมนท์ทรัพยากรรายการนี้
  คอมเมนท์: 50 วิธีปฏิบัติตนเ..


 Copyright 2026. Bcnsprnw @Library